Avaliação dos pequenos 2: fichas interdisciplinares, 2º ano

Salvato in:
Dettagli Bibliografici
Autore principale: Marques, Conceição
Altri autori: Timóteo, Nelson
Natura: Sconosciuto
Lingua:portoghese
Pubblicazione: Porto Porto Editora 2000
Edizione:[1ª ed.]
Catalogo:MANES:  Risultati della ricerca del catalogo della biblioteca
Libro di testo Classificazione:
Tags: Aggiungi Tag
Nessun Tag, puoi essere il primo ad aggiungerne!!
Aggiunto a:2016-04-26
Cambiato in:2025-04-25

MARC

LEADER 000000000a22000000004500
001 31859
003 OSt
005 20250425111611.0
008 160427s pt ||||| |||| 00| 0 por d
040 |c centro_manes 
041 1 |a por 
100 1 |a Marques, Conceição  |9 15042 
245 0 0 |a Avaliação dos pequenos 2: fichas interdisciplinares, 2º ano 
250 |a [1ª ed.] 
260 3 |a Porto  |b Porto Editora  |c 2000 
300 |a 143 p.;  |c 28 cm 
561 |5 pt-BNP  |a Portugal. Biblioteca Nacional de Portugal  |k MANES 
690 |a LEN 
691 |a SE 
700 1 |a Timóteo, Nelson  |9 15043 
942 |2 ddc  |c BK 
546 |a Portugal 
999 |c 33321  |d 33321 
999 |c manes:33321  |d 33321